zpět

Detail výsledku týmu

Harry, Brno

Datum a čas kvízu

40.5 Celkem bodů Celkový počet nahraných bodů na tomto kvízu bez doplňovacích otázek.
4. Pořadí na kvízu Konečné umístění týmu na tomto kvízu.

Zaznamenané odpovědi

# Otázka Odpověď Body Výsledky
1. V pátek a sobotu se v Kolovči... A) na Chodsku 1
2. Jak se nazývá město, které min... Anchorage 1
3. Nejvyšší soud v Jižní Koreji m... Baby Shark 1
4. Speciálem etiopských aerolinií... Lucy 1
5. Vítěz aktuálního ročníku Ligy... Paris Saint-Germain FC; Gianluigi Donnarumma 1
6. Hned v první otázce se zaměřím... 1B 2A 3C 4D 1
7. Jedním ze specifik prezidentsk... A 0
8. Který z těchto výroků o prezid... B 1
9. NW Präsident byl v roce 1897 p... Tatra, Kopřivnice 1
10. Která zpěvačka nahrála skladbu... Pink 1